| 000 | 00947nam a22002417a 4500 | ||
|---|---|---|---|
| 999 |
_c20340 _d20340 |
||
| 003 | AR-CdUCM | ||
| 008 | 190503b ||||| |||| 00| 0 spa d | ||
| 040 |
_aMUNICIPALIDAD PROVINCIAL DEL CUSCO _cBIBLIOTECA MUNICIPAL DEL CUSCO |
||
| 041 | _hger | ||
| 082 |
_a591.5 / _bB49 _2ed. |
||
| 100 |
_aBerger, Arthur y Schmid, Josef _942531 |
||
| 245 | _aLos animales de las estepas, desiertos y montañas / | ||
| 260 |
_aMadrid : _bEspasa-Calpe, _c1962. |
||
| 300 |
_a589 paginas ; _bIlustraciones, _c25 cm. |
||
| 440 |
_aEl reino de los animales, el animal en su medio ambiente _942532 |
||
| 505 | _aContenido : Los animales de las estepas y desiertos -- La peña negra de la estepa -- El magnifico caballo atigrado de la estepa... | ||
| 650 |
_aEcología animal _923329 |
||
| 650 |
_aZoología _918986 |
||
| 650 |
_aDesierto _9803 |
||
| 700 |
_aGómez De LLarena, Joaquín (traductor) _942533 |
||
| 942 |
_2ddc _cLIBROS |
||
| 945 |
_aJavier _d2019-05-29 |
||